Ān̐khābhīra sapanā, muṭubhīra gīta. (Record no. 83607)
[ view plain ]
| 000 -LEADER | |
|---|---|
| fixed length control field | 00560cam a22002171 4500 |
| 001 - CONTROL NUMBER | |
| control field | sa 68010881 |
| 003 - CONTROL NUMBER IDENTIFIER | |
| control field | DLC |
| 005 - DATE AND TIME OF LATEST TRANSACTION | |
| control field | 20260227112556.0 |
| 008 - FIXED-LENGTH DATA ELEMENTS--GENERAL INFORMATION | |
| fixed length control field | 940604q19671968np 000 1 nepo |
| 010 ## - LIBRARY OF CONGRESS CONTROL NUMBER | |
| LC control number | sa 68010881 |
| 025 ## - OVERSEAS ACQUISITION NUMBER | |
| Overseas acquisition number | PL480:N-515 |
| 035 ## - SYSTEM CONTROL NUMBER | |
| System control number | (OCoLC)30549172 |
| 040 ## - CATALOGING SOURCE | |
| Original cataloging agency | DLC |
| Transcribing agency | CU |
| Modifying agency | CU |
| -- | DLC |
| 042 ## - AUTHENTICATION CODE | |
| Authentication code | premarc |
| 050 00 - LIBRARY OF CONGRESS CALL NUMBER | |
| Classification number | PK2598.P29 |
| Item number | A8 |
| 100 1# - MAIN ENTRY--PERSONAL NAME | |
| Personal name | Parājulī, Kr̥shṇaprasāda, |
| Dates associated with a name | 1935- |
| 245 10 - TITLE STATEMENT | |
| Title | Ān̐khābhīra sapanā, muṭubhīra gīta. |
| 260 ## - PUBLICATION, DISTRIBUTION, ETC. | |
| Date of publication, distribution, etc. | [1967 or 8] |
| 300 ## - PHYSICAL DESCRIPTION | |
| Extent | 8, 100 p. |
| Dimensions | 17 cm. |
| 500 ## - GENERAL NOTE | |
| General note | In Nepali. |
No items available.